000 00437nam a2200205Ia 4500
001 13009
003 GE_BSU
008 181216s||||||||xx |||||||||||||| ||und||
020 _a034015814
040 _cGE_BSU
080 _a821.111-3
100 _aPalmer,Marian.
245 4 _aThe white boar.
260 _aLondon.
260 _bCoronet Books.
260 _c1968
300 _a384p;17cm.
653 _aThe white boar.
942 _cBK
999 _c46177
_d46177